000 01614nam a22002777a 4500
003 DO-SdBNP
005 20240306114902.0
008 161214b 1979 sp 00| 0 spa d
020 _a8470830880
020 _a8470830880 (vol. 1)
040 _aBPMSU
_bspa
_cBPMSU
082 4 _a398.2
_bB499m 1979
_222
100 1 _aBergua, Juan B.
245 1 0 _aMitología universal :
_btodas las mitologías y sus maravillosas leyendas /
_cJuan B. Bergua.
250 _a3a ed.
260 _aMadrid :
_bBergua,
_c1979.
300 _av. :
_c17 cm.
490 0 _aTesoro literario,
_v30
500 _aLa biblioteca posee e vol. 1
505 _a v. 1 Mitología griega y sus ciclos míticos y leyendas : Atenienses ; De la Argolide ; Corintias ; Tebanas ; Etolias ; Tesalias ; Tracias ; Espartanas ; Cretenses ; Mitología romana : los grandes dioses ; Las divinidades menores ; Las leyendas populares. -- v.2 Mitología céltica ; Mitología germánica ; Mitología eslava ; Mitología lituana ; Mitología finlandesa ; Mitologías asiáticas : Mitología asirio-babilónica ; Mitología fenicia ; Mitología persa ; Mitologías de la India ; Mitología de los Karfs ; Mitología china ; Mitología japonesa ; Mitologías africanas : Mitologías egipcias y de los negros africanos ; Mitologías americanas : de América del Norte, de América Central y de América del Sur ; Mitologías de Oceanía ; Mitologías bíblicas : del antiguo y del nuevo testamento.
590 _ainventariado, 2024/VM
650 4 _aMitología
830 0 _aTesoro literario
_v30
910 _aVMateo V. Control de calidad. BPMSU
942 _2ddc
_cBK
999 _c12434
_d12434